000 00344nam a2200145Ia 4500
008 230718s9999 xx 000 0 und d
041 _aEng.
082 _a34549
_bSID-N
100 _aSiddiqui, Rizwan Ahmed
245 0 _aNational Accountability
260 _aPakistan
_bKausal brothers
_c2003
300 _a119
650 _aLaw
999 _c28651
_d28651